| 000 | 01372cam a2200289 i 4500 | ||
|---|---|---|---|
| 003 | SA-RiAUC | ||
| 005 | 20240927183223.0 | ||
| 008 | 240924s1910 mr g 000 0 ara c | ||
| 040 |
_aSA-RiAUC _bara _cSA-RiAUC _erda |
||
| 082 | 0 | 4 | _a235.1 |
| 090 |
_a235.1 _bت ا و |
||
| 100 | 1 |
_aالتاودي، محمد التاودي بن محمد الطالب بن محمد، _d1111-1209 هجري _eمؤلف. |
|
| 245 | 1 | 0 | _aحاشية أبي عبد الله محمد التاودي بن الطالب بن سودة المري على صحيح أبي عبد الله محمد بن إسماعيل. |
| 264 | 1 |
_aفاس، المغرب : _b[الناشر غير محدد]، _c1910 |
|
| 264 | 3 |
_a[مكان الطبع غير محدد] : _bالمطبعة المولوية |
|
| 300 |
_a4 مجلد ؛ _c28 سم |
||
| 336 |
_aنص _btxt _2rdacontent _3كتاب |
||
| 337 |
_aبدون وسيط _bn _2rdamedia |
||
| 338 |
_aمجلد _bnc _2rdacarrier |
||
| 600 | 1 | 7 |
_aالبخاري، محمد بن إسماعيل بن إبراهيم، _d194-256 هجري _2aucnm |
| 650 | 7 |
_aالحديث _xشرح _2aucsh |
|
| 650 | 7 |
_aالحديث _xرواية _2aucsh |
|
| 700 | 1 | 2 |
_aالبخاري، محمد بن إسماعيل بن إبراهيم، _d194-256 هجري _tصحيح البخاري. |
| 740 | 0 | 2 | _aصحيح البخاري. |
| 942 |
_2ddc _cRARE BOOK _n0 |
||
| 949 |
_aSA-JeALM _d240924 _umohamedma123 _n1 |
||
| 999 |
_c615 _d615 |
||